| 000 | 00603nam a2200181Ia 4500 | ||
|---|---|---|---|
| 003 | GCL | ||
| 008 | 140319s9999 xx 000 0 ara d | ||
| 040 |
_aGCL / _cGCL |
||
| 082 | 0 | 4 |
_a792.2 _bا م |
| 100 | 1 | _aفاروق عبدالقادر | |
| 245 | 1 | 0 |
_aالمسرح التجريبى من ستانسلافسكى الى اليوم / _cفاروق عبدالقادر |
| 700 | 1 | _aايفانز، جيمس روس | |
| 300 | _a134 ص | ||
| 490 |
_aالهيئة العامة للاستعلامات _v0 |
||
| 650 | 0 | 4 | _aالمسرح التجريبى |
| 650 | 0 | 4 | _aالمسرح - تاريخ |
| 942 |
_2ddc _cBK |
||
| 999 |
_c47366 _d47366 |
||